000 00487nam a2200181Ia 4500
005 20250326143737.0
008 250326s9999 xx 000 0 und d
037 _aTextbook
040 _aFMSL
_beng
_cFMSL
041 _aeng
_2eng
084 _aXobB28 P3
_qFMSL
100 _aKoop G
_9740611
245 0 _aBayesian econometrics
_cKoop G
260 _aNew Jersey
_bNew Jersey, John Wiley
_c2003
300 _a359p
942 _cTB
_hXobB28 P3
999 _c1300834
_d1300834